[Event "Minneapolis HB Global op"]
[Site "Minneapolis"]
[Date "2005.05.21"]
[Round "7"]
[White "Akobian, Varuzhan"]
[Black "Li, Wenliang"]
[Result "1/2-1/2"]
[WhiteElo "2556"]
[BlackElo "2422"]
[Annotator "Golod,V"]
[PlyCount "62"]
[EventDate "2005.05.18"]
[EventType "swiss"]
[EventRounds "9"]
[EventCountry "USA"]
[SourceTitle "CBM 107"]
[Source "ChessBase"]
[SourceDate "2005.08.01"]
[SourceVersion "1"]
[SourceVersionDate "2005.08.01"]
[SourceQuality "1"]

1. d4 Nf6 2. c4 e6 3. Nc3 Bb4 4. Qc2 O-O 5. a3 Bxc3+ 6. Qxc3 b6 7. Nf3 Bb7 8.
e3 d6 9. b4 Ne4 (9... Nbd7 $5 {You can see my comments to Kramnik,V-Karpov,A/
Prague,2002/CBM 89(1/2-1/2)(Golod,V)(25)}) 10. Qc2 Nd7 11. Be2 {Another option
is to put the white bishop on d3.} f5 12. Bb2 (12. O-O $5 {was also checked
here:}) 12... a5 {The main alternative continuations are:} (12... Ng5) ({and} 
12... Qe7) 13. O-O Qe7 (13... Ng5 $143 {You can see annotations to: Sokolov,
I-Xu Jun/Biel,1993/Inf 58/580(1-0)(Sokolov,I)(62)}) 14. Rac1 $146 {The idea of
this move is not clear. I think that the other options were more logical:} (14.
Rfd1 $5 Ndf6 15. Nd2 Nxd2 16. Qxd2 Ne4 17. Qc2 Qg5 18. d5 Rae8 19. Bf3 Qg6 20.
Rab1 axb4 21. axb4 Ng5 22. Be2 b5 23. Ra1 {+/=/= Shulman,Y-Gasimov,R/Holon,
1995(1/2-1/2)(54)}) (14. Ne1 $5) ({and} 14. Nd2 $5) 14... axb4 {Sure. Now
Black has the open a-file for his rook.} 15. axb4 c5 $11 {Another good move.
Black prevents c5 and confines the bishop on e2. To sum up: Black is O.K.
after the opening.} 16. Qb3 Ndf6 {Also was interesting to try:} (16... Qf7 $5
17. Ra1 (17. bxc5 bxc5 18. Qxb7 Rfb8 19. Qc6 Rc8 (19... Ra2 $2 20. Bd3 Rbxb2
21. Bxe4 fxe4 22. Qxe4 $16) 20. Qb7 Rcb8 21. Qc6 Rc8 $11) 17... Qg6 {[%csl Gb7,
Yf3,Rg2,Gg6][%cal Ge4d2,Gd2f3]} 18. Rxa8 Rxa8 19. Rd1 Bc6 $11) 17. Ra1 {
By this move White indicates the problem of his 14th move. But it is now not
easy to recommend anything better.} (17. Rcd1 $143 Bc6 18. b5 Bb7 19. Nd2 Nxd2
20. Rxd2 Ne4 21. Rdd1 cxd4 22. Bxd4 (22. exd4 Nd2 $17) 22... Nc5 $15) (17. Rfd1
$6 Ng4 {[%csl Rf2]}) 17... Rxa1 18. Rxa1 ({In my opinion this was a little
better:} 18. Bxa1 Ra8 $140 19. Bb2 {and so on.}) 18... Ra8 {Black doesn't have
many dividends after:} (18... Ng4 19. Rf1 Qf7 20. h3 Ngf6 21. Ra1 $14) 19. Ne1
$6 {The only chance to fight for an advantage was:} (19. Rxa8+ $5 Bxa8 20. Ne1
Nd7 (20... Ng4 $4 21. Qa4 Bb7 22. f3 $18 {[%csl Re4,Rg4][%cal Gf3e4,Gf3g4]})
21. f3 Nef6 22. Qa3 Qf8 23. Nd3 $14 {White has more space on the board here,
but Black's position is tough with good hopes for draw.}) 19... Rxa1 {Now
Black is forced to a couple of exchanges, that lead to full equality.} 20. Bxa1
Ng4 21. Bxg4 (21. f3 $4 Qh4 $19 {[%csl Re1,Rh2][%cal Gh4h2,Gh4e1]}) (21. Nd3 $6
Qh4 22. Bxg4 Qxg4 23. f3 Nd2 $1 24. fxg4 Nxb3 25. Bc3 fxg4 $15) 21... fxg4 22.
Nd3 h5 {Black wants to play 23...h4 and 24...h3 with idea on 25.g3 Ng5 with
good chances for attack.} 23. bxc5 bxc5 24. dxc5 Nxc5 (24... dxc5 $144 25. Qd1
Qd8 26. Qe2 Qd7 {and both sides cannot improve their positions.}) 25. Nxc5 dxc5
{Bishops of opposite color is a sign for draw. But players choose to play a
bit more.} 26. Qd3 Qc7 {[%csl Gb7,Gc7,Rg2][%cal Gc7c6]} 27. Bc3 Qc6 28. e4 $11
{It's simplest way to draw. After exchange of queens, Black doesn't have any
chance to make use of extra pawn.} Qxe4 29. Qxe4 Bxe4 30. Be5 Bd3 31. Bd6 Bxc4
1/2-1/2

[Event "Sarajevo Bosnia 35th"]
[Site "Sarajevo"]
[Date "2005.05.20"]
[Round "2"]
[White "Sokolov, Ivan"]
[Black "Bologan, Viktor"]
[Result "1/2-1/2"]
[WhiteElo "2662"]
[BlackElo "2700"]
[Annotator "Golod,V"]
[PlyCount "92"]
[EventDate "2005.05.19"]
[EventType "tourn"]
[EventRounds "9"]
[EventCountry "BIH"]
[EventCategory "16"]
[SourceTitle "CBM 108"]
[Source "ChessBase"]
[SourceDate "2005.09.26"]
[SourceVersion "1"]
[SourceVersionDate "2005.09.26"]
[SourceQuality "1"]

1. d4 Nf6 2. c4 e6 3. Nc3 Bb4 4. Qc2 O-O 5. a3 Bxc3+ 6. Qxc3 b6 7. Bg5 Bb7 8.
e3 d6 9. Ne2 Nbd7 10. Qd3 {This continuation became popular after this game:
Kasparov,G - Grischuk,A/EUCuo 19th, Rethymnon,2003.} Ba6 11. Nc3 d5 12. Qc2
dxc4 ({Previously this was checked out:} 12... Bxc4 $5 {You can see my
annotation to game: Dreev,A-Kulaots,K/Moscow,2004/CBM 100(1-0)(37)}) 13. Qa4
Qc8 $146 {It seems that Viorel Bologan wanted to check my analyses in practice.
I already analysed this continuation and think that this move is little bit
worse than 13...Bb7. For further information see my comments to Berkes,
F-Beliavsky,A/Paks,2004/CBM 102(1/2-1/2)(28)} 14. Bxc4 Bxc4 15. Qxc4 c5 16. O-O
{According to my analysis, much better for White was to play:} (16. dxc5 $5
Qxc5 17. Qxc5 Nxc5 (17... bxc5 $143 18. O-O-O $14) 18. Bxf6 gxf6 19. Ke2 {
with obvious positional advantage for White in the endgame. But maybe Ivan
Sokolov thought that this advantage is not enough in order to win, and
therefore prefers to play with queens.}) 16... cxd4 17. Qxd4 h6 {+/=/= Here I
finished my analysis. Frankly speaking, in the game with opponents who are not
fighting players, agreement for draw in such position was only question of the
time. But Ivan Sokolov and Viorel Bologan are well-known in the chess world
for their fighting spirit. So, for them a game just started.} 18. Bh4 ({
Not easy to imagine how White could play for a win after taking on "f6":} 18.
Bxf6 Nxf6 $11) 18... Qc6 $6 {A loss of tempo.} ({Much better immediately to
play} 18... Qc5 $5 {and Black havn't any problems.}) 19. Rad1 Rfc8 20. e4 $14 {
An inaccuracy for Black, lead to an advantage of White. Now Black needs to
defend against 21.e5} Qc5 (20... e5 $142 21. Qe3 Qe6 22. Rd2 Rc6 23. Rfd1 $14 {
<->d}) 21. f4 ({Deserves attention:} 21. Bxf6 $5 Nxf6 22. e5 Nh7 (22... Ne8
$143 23. Rfe1 Qxd4 24. Rxd4 $14 {[%csl Re8]}) 23. f4 Nf8 24. Qxc5 Rxc5 25. Rf2
$14 {[%cal Gc3e4] But again Ivan Sokolov thought that it's not enough and
therefore, chose a more active move.}) 21... Qh5 ({The next line is too risky
for Black:} 21... g5 $6 22. fxg5 hxg5 23. Qxc5 Nxc5 (23... Rxc5 24. Bf2 Ra5 25.
h4 g4 (25... gxh4 $4 26. Bxh4 $18 Kg7 27. Rd3 $18 {[%csl Rd7,Rf6][%cal Gd3g3]})
26. Bg3 $16) 24. Rxf6 gxh4 25. Rf4 (25. Rh6 $2 Rd8 26. Rxh4 (26. Rxd8+ Rxd8 27.
Rxh4 Rd2 $13) 26... Rxd1+ 27. Nxd1 Rd8 28. Nf2 Rd2 $132) 25... h3 26. Rf3 hxg2
27. b4 Nb7 28. Rd7 Nd8 29. Kxg2 $16) (21... Qxd4+ $143 22. Rxd4 Nc5 23. Bxf6
gxf6 24. Rfd1 {+/=/+/-}) 22. Bxf6 Nxf6 23. e5 $14 Ne8 ({Leads to favourable
simplifications for White:} 23... Nh7 $6 24. Ne4 Rc2 25. Nd6 Rd8 26. Rc1 Rxc1
27. Rxc1 Nf8 28. Rc7 Rd7 29. Rxd7 Nxd7 30. h3 {+/=/+/-}) 24. Qe4 Qf5 (24... Rd8
$2 25. Rxd8 Rxd8 26. Qb7 Qg6 27. Qxa7 Rd2 28. Qa8 Kf8 29. Nb5 {+/-/+-}) 25.
Qxf5 exf5 26. Rd7 (26. Nd5 Kf8 27. Ne3 g6 28. Rd7 Ng7 29. Rfd1 Ne6 30. g3 Nc5
31. R7d4 Ne6 32. R4d2 Rd8 33. Rxd8+ Rxd8 34. Rxd8+ Nxd8 35. Nd5 $14) 26... Nc7
{It's the right time to return the knight to the game - "e6" square seems good
for him.} 27. g4 $6 {Play to win at any price! White sacrificed a pawn in
order to move his pawns forward on the kingside. But the black knight activity
neutralized all of White's plans.} ({After more "positional":} 27. Rfd1 $5 Ne6
28. g3 Nc5 29. R7d4 Ne6 30. R4d2 {Black had to continue to fight for the
equality.}) 27... fxg4 28. f5 Na6 29. f6 (29. e6 $6 fxe6 30. fxe6 $140 Nc5 31.
Rd6 (31. Nd5 $2 Nxd7 32. Ne7+ Kh7 33. Nxc8 Rxc8 34. exd7 Rd8 35. Rd1 Kg6 $17 {
[%csl Rd7][%cal Yg6f7,Yf7e7]}) 31... Rd8 32. Rxd8+ Rxd8 33. e7 Re8 34. Nd5 Nd7
35. Kg2 $1 $44) 29... Nc5 30. Re7 Ne6 (30... Re8 $143 31. Nd5 Ne6 32. fxg7 Rxe7
33. Nxe7+ Kxg7 34. Nf5+ Kg6 35. Nd6 Ng5 36. Rf6+ Kh5 37. Kg2 $13) 31. Ne4 Rc7
32. Nd6 gxf6 (32... Rf8 $5 33. Rxc7 Nxc7 34. Nf5 Re8 35. Rc1 Ne6 36. fxg7 h5
37. h3 $1 $11) 33. exf6 $6 (33. Rxc7 $5 Nxc7 34. Rxf6 Ne8 35. Rf4 Nxd6 36.
Rxg4+ Kf8 37. exd6 Rd8 38. Rd4 f6 {[%csl Rd6][%cal Yf8f7,Yf7e6]} 39. Kf2 Kf7
40. Ke2 $11 {[%csl Ye2,Rh6][%cal Ye2d2,Gd4h4]}) 33... Rf8 34. Nxf7 Rxf7 35.
Rxe6 Kh7 {=/=/+ After couple of exchanges we have an approximately equal rook
ending. Black's pawn structure is a little better, thanks to a weak pawn on
"f6", but for a win, it's not enough.} 36. Rf2 Kg6 37. Kg2 h5 38. Kg3 $2 ({
White needs to exchange his kingside pawns:} 38. h3 $5 gxh3+ 39. Kxh3 {=/=/+})
38... Rcd7 $15 {Prevented White from playing "h3".} 39. Kg2 Rd3 40. a4 Rd4 $6 (
{In light of playing for win deserves serious attention:} 40... Rb3 $5 {
[%csl Rb2,Yb3][%cal Yb3h3]}) 41. a5 $1 bxa5 42. h3 gxh3+ 43. Kxh3 {With such a
pawn structure it is impossible to win. And after a few additional moves,
opponents agreed for draw.} Rg4 44. Ra6 Rg5 45. Kh4 Rg4+ 46. Kh3 Rg5 1/2-1/2

[Event "EU-ch 6th"]
[Site "Warsaw"]
[Date "2005.06.19"]
[Round "2"]
[White "Gagunashvili, Merab"]
[Black "Beliavsky, Alexander G"]
[Result "1/2-1/2"]
[WhiteElo "2547"]
[BlackElo "2630"]
[Annotator "Golod,V"]
[PlyCount "77"]
[EventDate "2005.06.18"]
[EventType "swiss"]
[EventRounds "13"]
[EventCountry "POL"]
[SourceTitle "CBM 108"]
[Source "ChessBase"]
[SourceDate "2005.09.26"]
[SourceVersion "1"]
[SourceVersionDate "2005.09.26"]
[SourceQuality "1"]

1. d4 Nf6 2. c4 e6 3. Nc3 Bb4 4. Qc2 O-O 5. a3 Bxc3+ 6. Qxc3 b6 7. Bg5 Bb7 8.
f3 d5 9. e3 Nbd7 10. Nh3 h6 11. Bh4 c5 12. cxd5 Nxd5 13. Bxd8 Nxc3 14. Be7 Rfe8
15. Bh4 Nd5 16. Bb5 g5 17. Bf2 Red8 18. e4 N5f6 19. Be3 $5 {New and skilful
attempt of Merab Gagunashvili receive advantage in well known for him position.
By a loss of a tempo White aspires to put his bishop on "d4". In addition,
with this move, White frees "f2" square for knight in case of 19...g4.} ({
Previously twice was checked by GM Merab Guganashvili:} 19. dxc5 $6 {You can
see my annotations to Gagunashvili-Li Wenliang/Groningen,2004/CBM 99(1-0)(54))}
) ({and once} 19. O-O $5 a6 (19... cxd4 20. Bxd4 $14) (19... g4 $5 20. fxg4
Nxg4 (20... Nxe4 21. Bh4 cxd4 22. Bxd8 Rxd8 $13) 21. Bh4 cxd4 $1 22. Bxd8 Rxd8
$13) (19... Rac8 20. Rad1 a6 21. Be2 Kf8 22. Be3 Ke7 23. Nf2 cxd4 24. Rxd4 Rc2
25. Rd2 Rxd2 26. Bxd2 Rc8 27. Nd1 Ne8 $5 28. Ne3 a5 $2 29. b4 $1 $16 {You can
see my annotations to Van Wely,L-Timman,J/Almelo,2004/CBM 101(1-0)(41)}) 20.
Bxd7 (20. Be2 $143 g4 21. fxg4 Nxe4 $13) 20... Nxd7 21. dxc5 Nxc5 22. Bxc5 bxc5
23. Rac1 Rac8 24. Rc2 a5 25. Nf2 Ba6 26. Rd1 Rxd1+ 27. Nxd1 Rd8 28. Nc3 $14 {
1/2-1/2 Gagunashvili,M-Sprenger,J/Metz,2004/Inf 90/461 (60)}) ({Other moves,
that were checked in practice, are:} 19. O-O-O) (19. b4) ({and} 19. Rd1) 19...
cxd4 $5 $146 (19... Rac8 $143 20. Nf2 Ne8 21. h4 cxd4 22. Bxd4 f6 (22... Nc5 $5
{/\Nb3}) 23. Ng4 Kg7 24. hxg5 hxg5 25. Bc3 a6 26. Ba4 b5 27. Bc2 Nc5 28. Rh5 e5
29. Kf2 Ne6 $2 (29... Kf7 $142 30. Rah1 $16) 30. Rah1 $18 {L'Ami,E-Brandenburg,
D/Groningen,2004(1-0)(41)}) 20. Bxd4 {+/=/=} Ne8 {[%csl Rb5,Ye8][%cal Ye8d6,
Gf7f5] Good reaction of Black. He planned to play Nd6 with idea f5.} (20... a6
$143 21. Be2 Rac8 22. Nf2 $14) 21. Nf2 Nd6 22. Bxd7 (22. Bd3 $6 f5 $1 23. b4
Rac8 24. Rd1 fxe4 25. Nxe4 Nxe4 26. fxe4 Nc5 27. Bxc5 bxc5 28. bxc5 Rxc5 $15)
22... Rxd7 23. Ng4 {[%csl Gd4,Rd7,Rf6,Gg4,Rg8,Rh6][%cal Gg4f6,Gg4h6]} ({
Black easily equalizes the position:} 23. Bf6 Ne8 (23... Nc4 $2 24. Ng4 h5 25.
h4 $18) 24. Ng4 Kf8 25. Bc3 (25. h4 Nxf6 26. Nxf6 Rc7 27. hxg5 hxg5 28. Nh7+
Kg7 29. Nxg5 Rc2 $11) 25... h5 26. Ne5 Rdd8 $11) 23... Ne8 (23... Nxe4 $143 24.
Bc3 Nxc3 ({or} 24... h5 25. Ne5 Nxc3 26. Nxd7 Nd5 27. Ne5 {+/=/=}) 25. Nf6+ Kg7
26. Nxd7 Nd5 27. Ne5 {+/=/=}) 24. Bc3 (24. Bf6 Kf8 {- see comments for move 23
of White.}) 24... h5 25. Ne3 ({Deserves attention:} 25. Nf6+ $5 Nxf6 26. Bxf6
Rc8 (26... g4 $143 27. h3 $14) 27. Bxg5 Rc2 28. O-O Rxb2 29. Rfd1 Bc6 (29...
Rxd1+ 30. Rxd1) 30. Rxd7 Bxd7 31. Rc1 $14 {with a little advantage for White.
But Black has enough resources in order to do draw.}) 25... Rd3 {Useless
activity.} (25... Rad8 $142) 26. Ke2 ({After:} 26. Kf2 Rad8 27. h4 g4 28. Rad1
Rxd1 29. Rxd1 Rxd1 30. Nxd1 {+/=/= Black doesn't have serious problems.}) 26...
Ba6 (26... Rad8 $5) 27. Kf2 Kh7 28. h4 {[%csl Gh1,Rh7]} (28. Rad1 Rad8 29. Rxd3
Rxd3 30. Nc2 Bb7 $11) 28... g4 29. Rhe1 ({Too risky:} 29. fxg4 $6 Nd6 30. Kf3
hxg4+ (30... Bb7 $6 31. Rad1 Rxd1 (31... hxg4+ $2 32. Kf4 Rxd1 33. Rxd1 Nxe4
34. Rd7 $16) 32. Rxd1 Nxe4 33. Kf4 Nxc3 34. bxc3 $16) 31. Kf4 f6 32. e5 (32.
Bxf6 Rf8 33. e5 Rd4+ 34. Kg3 Ne4+ 35. Kh2 g3+ 36. Kh3 Rg8 37. Bg5 Nxg5+ 38.
hxg5 Rxg5 $15) 32... fxe5+ 33. Kxe5 Rxe3+ 34. Kxd6 Bb7 {=/+/=}) 29... Rad8 30.
Rad1 {Equivalent to agreement for draw. After couple of exchanges, limited
material and bishops of opposite colors guarantee a peaceful finish to the
game.} Rxd1 31. Rxd1 Rxd1 32. Nxd1 gxf3 33. gxf3 f6 $11 34. Ne3 Kg6 35. Ng2 e5
36. Bb4 Kf7 37. Ne3 Bb5 38. Nf5 Bd7 39. Nd6+ 1/2-1/2